Lógica de sistemas y revolución científica (segunda parte) /

Kaydedildi:
Detaylı Bibliyografya
Yazar: Calvo Coin, Otto
Materyal Türü: Metin
Konular:
Etiketler: Etiketle
Etiket eklenmemiş, İlk siz ekleyin!

MARC

LEADER 00000 a a2200000 04500
001 13586
003
040
100 |a Calvo Coin, Otto  
245 |a Lógica de sistemas y revolución científica (segunda parte) /  |c Otto Calvo Coin 
650 |a PROGRESO CIENTIFICO  
650 |a TEORIA  
650 |a CIENCIA  
650 |a HISTORIA  
650 |a ESTADO  
650 |a ECONOMIA  
773 |g número 72; páginas 45-53  
999 |c 27204  |d 27204